书目信息 |
| 题名: |
四海游弋的舰船
|
|
| 作者: | 李杰 编著 | |
| 分册: | ||
| 出版信息: | 石家庄 河北科学技术出版社 2012 |
|
| 页数: | 168页 | |
| 开本: | 23cm | |
| 丛书名: | ||
| 单 册: | ||
| 中图分类: | E925.6 | |
| 科图分类: | ||
| 主题词: | 军用船--普及读物 | |
| 电子资源: | ||
| ISBN: | 978-7-5375-5257-8 | |
| 000 | 00732nam0 2200229 450 | |
| 001 | 337999 | |
| 005 | 20150529083816.54 | |
| 010 | @a978-7-5375-5257-8@dCNY21.80 | |
| 100 | @a20120914d2012 em y0chiy50 ea | |
| 101 | 0 | @achi |
| 102 | @aCN@b130000 | |
| 105 | @aa z 000yy | |
| 106 | @ar | |
| 200 | 1 | @a四海游弋的舰船@Asi hai you yi de jian chuan@f李杰编著 |
| 210 | @a石家庄@c河北科学技术出版社@d2012 | |
| 215 | @a168页@c图@d23cm | |
| 330 | @a本书以通俗的形式, 向大家介绍了军用舰船的一般知识, 从巨大的航母到灵活的驱逐舰, 从两栖登陆舰到深藏水中的潜艇, 无不令人神往。 | |
| 606 | 0 | @a军用船@j普及读物 |
| 690 | @aE925.6@v5 | |
| 701 | 0 | @a李杰@Ali jie@f(1949)@4编著 |
| 801 | 0 | @aCN@b卓展宏图@c20150525 |
| 905 | @dE925.6@e33@f3 | |
| 四海游弋的舰船/李杰编著.-石家庄:河北科学技术出版社,2012 |
| 168页:图;23cm |
| ISBN 978-7-5375-5257-8:CNY21.80 |
| 本书以通俗的形式, 向大家介绍了军用舰船的一般知识, 从巨大的航母到灵活的驱逐舰, 从两栖登陆舰到深藏水中的潜艇, 无不令人神往。 |
| ● |
| 相关链接 |
|
|
|
|
正题名:四海游弋的舰船
索取号:E925.6/33
 
预约/预借
| 序号 | 登录号 | 条形码 | 馆藏地/架位号 | 状态 | 备注 |
| 1 | 857053 | 208570535 | 第一样本阅览室/ [索取号:E925.6/33] | 在馆 | |
| 2 | 857054 | 208570544 | 第一借阅区/ [索取号:E925.6/33] | 在馆 | |
| 3 | 857055 | 208570553 | 第一借阅区/ [索取号:E925.6/33] | 在馆 |